<A> Var Approach to the Economics of Crime Using Queensland Data

Salvato in:
Dettagli Bibliografici
Autore principale: Bodman, Philip M.
Altri autori: Maultby, Cameron
Natura: Libro
Lingua:inglese
Pubblicazione: Brisbane The University of Queensland 1996
Edizione:1. ed.
Serie:Discussion Paper No. 191
Soggetti:
Tags: Aggiungi Tag
Nessun Tag, puoi essere il primo ad aggiungerne!!

MARC

LEADER 00000nam a2200000 4500
001 c019229
005 20221205125731.2
041 0 |a eng 
044 |a AU 
245 1 0 |a <A> Var Approach to the Economics of Crime Using Queensland Data  |c Philip M. Bodman, Cameron Maultby 
250 |a 1. ed. 
264 1 |a Brisbane  |b The University of Queensland  |c 1996 
300 |a 20 s. 
490 1 |a Discussion Paper  |v No. 191 
830 0 |a Discussion Paper  |v No. 191 
610 2 0 |a rady časové 
610 2 0 |a regresia 
610 2 0 |a ekonómia 
610 2 0 |a kriminalita hospodárska 
610 2 0 |a Austrália 
610 2 0 |a 1939-1992 
100 1 |a Bodman, Philip M. 
700 1 |a Maultby, Cameron